Statistics for Women's Olympic Gymnastics Champions

Click here to take the quiz!

General Stats

  • This quiz has been taken 7,082 times
    (2,742 since last reset)
  • The average score is 5 of 16

Answer Stats

YearCountryGymnast% Correct
2016USASimone Biles
94%
1976RomaniaNadia Comaneci
65%
2020USASunisa Lee
59%
2012USAGabrielle Douglas
44%
1984USAMary Lou Retton
42%
2008USANastia Liukin
41%
2004USACarly Patterson
27%
1956, 1960Soviet UnionLarisa Latynina
19%
1964, 1968CzechoslovakiaVera Caslavska
19%
1996UkraineLilia Podkopayeva
18%
2000RomaniaSimona Amanar
18%
1972Soviet UnionLudmilla Tourischeva
17%
1992Unified Team (Ukraine)Tatiana Gutsu
17%
1988Soviet UnionYelena Shushunova
16%
1980Soviet UnionYelena Davydova
14%
1952Soviet UnionMaria Gorokhovskaya
12%

Score Distribution

Percentile by Number Answered

Percent of People with Each Score

Your Score History

You have not taken this quiz since the last reset